Raad het vliegtuig en de maatschapij - Statistieken

Algemene statistieken
  • Deze quiz is 121 keer genomen
  • De gemiddelde score is 6 van 10
Antwoordstatistieken
Foto Antwoord % Correct
a380
94%
b747
81%
b737
75%
a340
73%
a350
70%
a330
67%
a320
64%
an225
44%
airbus beluga
41%
dreamlifter
38%
Geen overeenkomende quizzen gevonden
Scoreverdeling
Procent van Mensen met Elke Score
Percentiel versus Aantal Correcte Antwoorden
Uw Scoregeschiedenis
U heeft deze quiz nog niet genomen